[Event "Agzamov Mem"]
[Site "Tashkent UZB"]
[Date "2007.03.17"]
[Round "2"]
[White "Yurtaev,L"]
[Black "Djuraev,S"]
[Result "1-0"]
[WhiteElo "2476"]
[BlackElo "2292"]

1.e4 g6 2.d4 Bg7 3.Nc3 d6 4.Be2 Nf6 5.g4 e5 6.d5 h5 7.g5 Nh7 8.Nf3 Bg4 9.Rg1 O-O
10.Be3 Nd7 11.Nh4 Nxg5 12.Bxg4 hxg4 13.Qxg4 Nh7 14.O-O-O Ndf6 15.Qh3 Qd7
16.Qf3 Nh5 17.Nf5 gxf5 18.Qxh5 f4 19.Bd2 f5 20.Rg6 Rf6 21.exf5 Rxf5 22.Qg4 Rf7
23.Qxd7 Rxd7 24.Ne4 Rf8 25.Rdg1 Kh8 26.c4 Bf6 27.Bc3 b6 28.b4 Bg7 29.h4 Rff7
30.h5 Nf8 31.R6g5 Kh7 32.Kc2 Bf6 33.Rg6 Be7 34.Rg8 Kh6 35.f3 Rd8 36.Nf2 Nd7
37.R8g6+ Kh7 38.Ne4 Rh8 39.a4 Rb8 40.Kd3 Rd8 41.a5 Nb8 42.h6 Rdf8 43.c5 bxc5
44.bxc5 Nd7 45.Rg7+ Kh8 46.c6 Nf6 47.Ng5 Rxg7 48.hxg7+ Kxg7 49.Ne6+ Kh6 50.Nxf8 Bxf8
51.Kc4 Nh7 52.Rb1 Ng5 53.Rb7 e4 54.fxe4 f3 55.Bd2 Bg7 56.Kd3 Kg6  1-0

[Event "Open"]
[Site "Zagreb CRO"]
[Date "2007.03.17"]
[Round "1"]
[White "Zelic,Ma"]
[Black "Kovacevic,Bl"]
[Result "0-1"]
[WhiteElo "2021"]
[BlackElo "2448"]

1.e4 g6 2.d4 Bg7 3.Nc3 d6 4.f4 a6 5.a4 b6 6.Bc4 e6 7.Nf3 Ne7 8.O-O O-O 9.Be3 Nd7
10.Qd2 Nf6 11.h3 d5 12.Bd3 dxe4 13.Nxe4 Bb7 14.Nxf6+ Bxf6 15.c3 Nf5 16.Qf2 Bh4
17.Nxh4 Nxh4 18.f5 Nxf5 19.Bxf5 exf5 20.Qg3 Be4 21.Bh6 Re8 22.Rf4 f6 23.h4 Kf7  0-1

[Event "Open"]
[Site "Zagreb CRO"]
[Date "2007.03.22"]
[Round "6"]
[White "Tomisic,F"]
[Black "Matic,Z"]
[Result "0-1"]
[WhiteElo "2100"]
[BlackElo "2224"]

1.e4 d6 2.d4 g6 3.Nc3 Bg7 4.Bg5 a6 5.a4 Nf6 6.Qd2 h6 7.Bf4 Nc6 8.O-O-O g5
9.Be3 Ng4 10.Be2 Nxe3 11.fxe3 e6 12.Bh5 Qe7 13.Nge2 Bd7 14.Rhf1 O-O 15.Ng3 b5
16.e5 b4 17.Nce4 dxe5 18.d5 Nb8 19.d6 cxd6 20.Qxb4 Bc6 21.Nxd6 f5 22.Qc4 Kh8
23.Bg6 Rf6 24.Ngxf5 exf5 25.Nxf5 Qf8 26.Ng3 Nd7 27.Nh5 Nb6 28.Qd3 e4 29.Qe2 Rxf1
30.Rxf1 Bxb2+ 31.Kxb2 Qb4+ 32.Kc1 Nc4 33.c3 Qxc3+ 34.Qc2 Qa3+  0-1

[Event "Open"]
[Site "Zagreb CRO"]
[Date "2007.03.23"]
[Round "7"]
[White "Sambolec,A"]
[Black "Ganza,K"]
[Result "0-1"]
[WhiteElo "1828"]
[BlackElo "2086"]

1.e4 d6 2.d4 g6 3.Nc3 Bg7 4.Be3 Nf6 5.f3 c6 6.Qd2 h5 7.Bc4 d5 8.Bb3 dxe4
9.fxe4 Ng4 10.O-O-O Nxe3 11.Qxe3 Bh6 12.Bxf7+ Kf8 13.Qxh6+ Rxh6 14.Rf1 Kg7
15.Nh3 g5 16.Nxg5 e5 17.h4 exd4 18.Ne2 Bg4 19.Nf4 Qa5 20.Be6 Nd7 21.Bxg4 hxg4
22.Nfe6+ Rxe6 23.Nxe6+ Kg8 24.Kb1 Qe5 25.Ng5 Rf8 26.Rxf8+ Nxf8 27.Rf1 Qg3
28.a3 Qxg2 29.Rf5 Qh1+ 30.Ka2 Qxh4 31.e5 Qe1 32.Nf7 Qe3 33.Nd8 g3  0-1

[Event "Vladimir Zak mem"]
[Site "St Petersburg RUS"]
[Date "2007.03.27"]
[Round "4"]
[White "Malakhov,I"]
[Black "Bashkirov,V"]
[Result "1-0"]
[WhiteElo "2221"]
[BlackElo "2009"]

1.e4 g6 2.d4 Bg7 3.Nc3 d6 4.f4 e6 5.Nf3 Ne7 6.g3 b6 7.Bg2 Bb7 8.O-O O-O 9.Be3 Nd7
10.Qd2 a6 11.h3 Rc8 12.e5 dxe5 13.dxe5 c5 14.Rad1 Nb8 15.Qf2 Qc7 16.g4 b5
17.a3 Nd5 18.Nxd5 Bxd5 19.Ng5 Qc6 20.Bxd5 exd5 21.f5 Bxe5 22.Qh4 h5 23.gxh5 gxf5
24.Rxf5 f6 25.Qg4 Kh8 26.Nf3 Rg8 27.Nxe5 Rxg4+ 28.Nxg4 d4 29.Rxf6 Qe4 30.Rh6+ Kg7
31.Rg6+ Qxg6 32.hxg6 dxe3 33.Rd6 Rc6 34.Rxc6 Nxc6 35.Nxe3 Kxg6 36.Nd5 b4
37.Kf2 bxa3 38.bxa3 Nd4 39.c3 Nb5 40.a4 Nd6 41.Kf3 a5 42.Ne3 Nc8 43.Nc4 Kg5
44.Ke4 Kh4 45.Kd5 Kxh3 46.Kxc5 Kg4 47.Nxa5 Kf5 48.Nc6 Ke6 49.a5 Kd7 50.Nd4 Kc7
51.Nb5+ Kb8 52.c4 Ne7 53.a6 Nc8 54.Kc6 Ne7+ 55.Kd7 Ng6 56.Kd6 Nh8 57.Kc6 Nf7
58.a7+  1-0

[Event "Vladimir Zak mem"]
[Site "St Petersburg RUS"]
[Date "2007.03.29"]
[Round "6"]
[White "Bronnikova,E"]
[Black "Utkin,Alek"]
[Result "0-1"]
[WhiteElo "2287"]
[BlackElo "2374"]

1.e4 g6 2.d4 Bg7 3.Nc3 d6 4.Be3 a6 5.Bd3 Nc6 6.Nf3 Bg4 7.Be2 Nf6 8.d5 Nb8
9.h3 Bxf3 10.Bxf3 O-O 11.Qd2 c5 12.g4 b5 13.Bg2 b4 14.Ne2 Nbd7 15.O-O Nb6
16.b3 a5 17.f4 Nfd7 18.Rad1 a4 19.e5 axb3 20.axb3 dxe5 21.f5 Ra2 22.Ng3 Qc7
23.Bh6 Rxc2 24.Qxc2 Bxh6 25.fxg6 hxg6 26.Ne4 Be3+ 27.Kh1 Nc8 28.Qd3 Bd4 29.Ng5 e4
30.Qxe4 Nf6 31.Qd3 Kg7 32.Qf3 Qe5 33.Qf4 Qxf4 34.Rxf4 Be3 35.Rxf6 exf6 36.Ne4 f5
37.gxf5 gxf5 38.Ng3 Nd6 39.Rf1 f4 40.Nh5+ Kg6 41.Nxf4+ Bxf4 42.Rxf4 Re8 43.h4 Re3
44.Kh2 Rxb3 45.h5+ Kxh5 46.Rf6 Nb5 47.Bf1 Rb2+ 48.Kg3 Nc3 49.Rf5+ Kh6 50.Bc4 Rd2
51.Rxf7 Ne4+ 52.Kh3  0-1

[Event "Vladimir Zak mem"]
[Site "St Petersburg RUS"]
[Date "2007.03.31"]
[Round "8"]
[White "Fateev,M"]
[Black "Bashkirov,V"]
[Result "0-1"]
[WhiteElo "2135"]
[BlackElo "2009"]

1.e4 g6 2.d4 Bg7 3.Nc3 d6 4.f4 e6 5.Nf3 b6 6.Be3 Bb7 7.Bb5+ c6 8.Be2 Ne7
9.Qd2 Nd7 10.a4 a6 11.Bf2 O-O 12.Bh4 f6 13.g4 b5 14.e5 dxe5 15.dxe5 Nd5 16.Nd4 Nc5
17.Bf3 g5 18.Nxd5 gxh4 19.exf6 Bxf6 20.Nxf6+ Qxf6 21.axb5 Rad8 22.O-O-O axb5
23.b4 Na4 24.Rhe1 Qxf4 25.Qxf4 Rxf4 26.Bxc6 Bxc6 27.Nxc6 Rxd1+ 28.Kxd1 Rxg4
29.Rxe6 Rg1+ 30.Kd2 Rg2+ 31.Re2 h3 32.Nd4 Nb6 33.Ke1 Nd5 34.Rxg2+ hxg2 35.Kf2 Nxb4
36.c3 Nd3+ 37.Kxg2 b4 38.c4 Nc5 39.Kf3 b3 40.Nb5 Na4 41.Na3 Nc3 42.c5 Kf7
43.Kf4 b2 44.c6 Ke7 45.Kg5 Kd8 46.Kh6 Kc7 47.Kxh7 Kxc6 48.h4 Kc5 49.h5 Kb4
50.Nb1 Nxb1 51.h6 Nd2 52.Kg7 b1=Q 53.h7 Qg1+ 54.Kf7 Qd4 55.Kg8 Qd8+ 56.Kg7 Qe7+
57.Kg8 Ne4  0-1

[Event "8th ch-Euro"]
[Site "Dresden GER"]
[Date "2007.04.03"]
[Round "1"]
[White "Frolyanov,D"]
[Black "Janda,Z"]
[Result "1-0"]
[WhiteElo "2521"]
[BlackElo "2180"]

1.e4 g6 2.d4 d6 3.Nc3 Bg7 4.Bg5 c6 5.Qd2 b5 6.f4 Nf6 7.Bd3 a6 8.Nf3 O-O 9.O-O Qc7
10.Kh1 Bb7 11.e5 b4 12.Ne2 Nd5 13.f5 dxe5 14.dxe5 Nd7 15.e6 fxe6 16.fxg6 hxg6
17.Bxg6 Ne5 18.Nxe5 Qxe5 19.Ng3 Rxf1+ 20.Rxf1 Rf8 21.Re1 Qxb2 22.Qe2 Nf4
23.Bxf4 Rxf4 24.Qxe6+ Kh8 25.Rd1 Qf6 26.Qh3+  1-0

[Event "8th ch-Euro"]
[Site "Dresden GER"]
[Date "2007.04.03"]
[Round "1"]
[White "Palac,M"]
[Black "Buchal,S"]
[Result "1-0"]
[WhiteElo "2571"]
[BlackElo "2393"]

1.e4 g6 2.d4 Bg7 3.Nc3 d6 4.f4 Nf6 5.Nf3 c5 6.Bb5+ Bd7 7.e5 Ng4 8.Bxd7+ Qxd7
9.d5 dxe5 10.h3 e4 11.hxg4 exf3 12.Qxf3 Na6 13.Bd2 Nc7 14.O-O-O O-O-O 15.Be1 f5
16.gxf5 gxf5 17.Rh5 Kb8 18.Qd3 Rdf8 19.Ne2 Nb5 20.Ng3 Nd6 21.Rh3 Qa4 22.Kb1 c4
23.Qe3 c3 24.b3 Qb4 25.Nh5 Nc4 26.Qc1 Na3+ 27.Ka1 Bd4 28.Rxd4 Qxd4 29.Bxc3 Qxd5
30.Be5+ Ka8 31.Bxh8 Rxh8 32.Qxa3 Qd1+  1-0

[Event "8th ch-Euro"]
[Site "Dresden GER"]
[Date "2007.04.03"]
[Round "1"]
[White "Oleksienko,M"]
[Black "Lorscheid,G"]
[Result "1/2-1/2"]
[WhiteElo "2541"]
[BlackElo "2285"]

1.e4 d6 2.d4 g6 3.Nc3 Bg7 4.f4 Nf6 5.Nf3 c5 6.dxc5 Qa5 7.Bd3 Qxc5 8.Qe2 Bg4
9.Be3 Qa5 10.O-O Nc6 11.a3 O-O 12.h3 Bxf3 13.Qxf3 Nd7 14.Bd2 Qd8 15.Kh1 e6
16.Qg3 Nd4 17.f5 Be5 18.Qf2 Kg7 19.Be3 Qf6 20.g4 h6 21.h4 Rh8 22.Kg1 Kg8
23.g5 hxg5 24.Bxg5 Qg7 25.f6 Qf8 26.Kg2 Qd8 27.Nd1 Nc5 28.Ne3 Rc8 29.Rac1 Ndb3
30.Rcd1 Nxd3 31.cxd3 Bd4 32.Qe2 b5 33.Nc2 Bb6 34.Ne3 Bd4 35.Nc2 Bb6 36.Ne3  1/2-1/2

[Event "8th ch-Euro"]
[Site "Dresden GER"]
[Date "2007.04.03"]
[Round "1"]
[White "Timofeev,Arty"]
[Black "Siebrecht,S"]
[Result "1-0"]
[WhiteElo "2663"]
[BlackElo "2457"]

1.e4 g6 2.d4 Bg7 3.Nc3 d6 4.Be3 a6 5.f4 b5 6.Nf3 Bb7 7.Bd3 Nf6 8.e5 Ng4 9.Bg1 c5
10.dxc5 dxe5 11.h3 b4 12.Be4 Nc6 13.Qxd8+ Rxd8 14.hxg4 bxc3 15.f5 cxb2 16.Rb1 Na5
17.Ng5 Bxe4 18.Nxe4 Nc4 19.Rh3 Rb8 20.Ke2 Kd7 21.Rb3 Kc7 22.Kd3 Na5 23.Rb6 Rhd8+
24.Kc3 Rxb6 25.cxb6+ Kc6 26.Kxb2 Nc4+ 27.Kb3 Nxb6 28.Bxb6 Kxb6 29.Kc4+ Kc6
30.c3 gxf5 31.gxf5 Rg8 32.a4 Bf8 33.g3 Rg4 34.Kd3 e6 35.f6 Bh6 36.Rb8 Rg6
37.Rc8+ Kd7 38.Ra8 Bg5 39.Ra7+ Ke8 40.Nd6+  1-0

[Event "30th Open"]
[Site "San Sebastian ESP"]
[Date "2007.04.03"]
[Round "3"]
[White "Petrov,Marij"]
[Black "Aabling Thomsen,J"]
[Result "1-0"]
[WhiteElo "2472"]
[BlackElo "2267"]

1.e4 g6 2.d4 Bg7 3.Nc3 d6 4.Nf3 a6 5.a4 b6 6.Bc4 e6 7.h4 h6 8.Bf4 Ne7 9.Qd2 Bb7
10.d5 e5 11.Bh2 Nd7 12.h5 g5 13.Qe2 Nf6 14.Nd2 Bc8 15.Nf1 Bg4 16.f3 Bxh5
17.Bxa6 O-O 18.Ne3 Bg6 19.g4 c6 20.Bb7 cxd5 21.Nexd5 Ra7 22.Nxf6+ Bxf6 23.Bd5 Rc7
24.Rd1 Qc8 25.Bb3 Rxc3 26.bxc3 Qxc3+ 27.Kf1 d5 28.exd5 e4 29.fxe4 Qh3+ 30.Kf2 h5
31.Be5 Qxh1 32.Rxh1 Bxe5 33.gxh5 Bh7 34.Qg4 Bf4 35.Re1 f5 36.d6+ Kg7 37.h6+ Kxh6
38.dxe7  1-0

[Event "8th ch-Euro"]
[Site "Dresden GER"]
[Date "2007.04.04"]
[Round "2"]
[White "Bruned,V"]
[Black "Sobolevsky,L"]
[Result "1/2-1/2"]
[WhiteElo "1945"]
[BlackElo "2336"]

1.e4 g6 2.d4 Bg7 3.Nc3 d6 4.Be3 a6 5.a4 e6 6.Nf3 Ne7 7.Be2 b6 8.Qd2 h6 9.O-O g5
10.h3 f5 11.exf5 exf5 12.d5 Ng6 13.Qd3 O-O 14.Bd4 Ne5 15.Nxe5 dxe5 16.Be3 Qd6
17.Qc4 Nd7 18.Rad1 Nf6 19.a5 f4 20.Bc1 bxa5 21.Bf3 Rb8 22.b3 Bd7 23.Rfe1 h5
24.Ne4 Nxe4 25.Bxe4 g4 26.h4 Bf6 27.g3 Bb5 28.Qc3 Qb6 29.Kg2 Bg7 30.Ba3 Qf6
31.Bxf8 Bxf8 32.Qxc7 Bd6 33.Qh7+ Kf8 34.Qf5 f3+ 35.Kg1 Qxf5 36.Bxf5 Be2 37.Rd2 a4
38.bxa4 Rb4 39.Rexe2 fxe2 40.Rxe2 Rxa4 41.Bg6 Ra1+ 42.Kg2 a5 43.Bxh5 a4 44.Bxg4 Rb1
45.c4 Rc1 46.Ra2 Rxc4 47.Be6 a3 48.h5 Kg7 49.f3 Kh6 50.g4 Rc3 51.Bf5 Kg5
52.Be4 Rc4 53.Kg3 Rb4 54.Rf2 Rd4 55.Re2 Bb4 56.Rc2 Bc5 57.Ra2 Bb4  1/2-1/2

[Event "8th ch-Euro"]
[Site "Dresden GER"]
[Date "2007.04.04"]
[Round "2"]
[White "Hindermann,F"]
[Black "Zysk,R"]
[Result "1/2-1/2"]
[WhiteElo "2260"]
[BlackElo "2483"]

1.e4 g6 2.d4 Bg7 3.Nc3 d6 4.f4 a6 5.Nf3 b5 6.Bd3 Nd7 7.e5 e6 8.Ne4 d5 9.Neg5 Nh6
10.O-O c5 11.c3 Qb6 12.Qe1 cxd4 13.cxd4 Nf5 14.Bxf5 gxf5 15.Qg3 O-O 16.b4 Bb7
17.Be3 h6 18.Nh3 Rac8 19.Qh4 Rc3 20.Bf2 Rfc8 21.Qh5 Qd8 22.Bh4 Qe8 23.g4 fxg4
24.Qxg4 Kh8 25.f5 Qg8 26.fxe6 fxe6 27.Nfg5 Rxh3 28.Qxh3 hxg5 29.Bxg5+ Qh7
30.Qxh7+ Kxh7 31.Rf7 Bc6 32.Bf6 Rg8 33.Rc1 Nb8 34.Rc3 Be8 35.Rh3+ Kg6 36.Rxg7+ Rxg7
37.Rg3+ Kf5 38.Rxg7 Nc6 39.h4 Nxd4 40.h5 Nf3+ 41.Kf2 Bxh5 42.Ra7 d4 43.Rxa6 d3
44.Ke3 d2 45.Rd6 Nxe5 46.Bxe5  1/2-1/2

[Event "LIII Mexican Open"]
[Site "Aguascalientes MEX"]
[Date "2007.04.05"]
[Round "3"]
[White "Mitkov,N1"]
[Black "Garmendez Gonzalez,C"]
[Result "1-0"]
[WhiteElo "2551"]
[BlackElo "2202"]

1.e4 d6 2.Nc3 g6 3.d4 Bg7 4.Bg5 Nc6 5.Bb5 Bd7 6.Nf3 a6 7.Bxc6 bxc6 8.O-O Qb8
9.Rb1 Qb6 10.Be3 Qa5 11.h3 Rb8 12.e5 h6 13.Re1 g5 14.Nd2 Qb4 15.a3 Qb7 16.Nc4 Be6
17.Na5 Qa8 18.b4 dxe5 19.dxe5 Bxe5 20.Na4 Rd8 21.Qe2 Bf6 22.Nc5 Bc8 23.Qf3 Rd5
24.c4 Rd6 25.Ne4 Re6 26.Nb3 Bg7 27.Nbc5 Rg6 28.Ng3 g4 29.hxg4 Bxg4 30.Qf4 h5
31.Nf5 Bxf5 32.Qxf5 e6 33.Qd3 Qc8 34.Rbd1 Ne7 35.Bf4 O-O 36.Qh3 Rd8 37.Qxh5 Nf5
38.Rxd8+ Qxd8 39.Rd1 Qh4 40.Qxh4 Nxh4 41.Bg3 Nf5 42.Bxc7 Bd4 43.Nb3 Bb2 44.a4 Bc3
45.b5 cxb5 46.cxb5 axb5 47.axb5 Rg4 48.b6 Rb4 49.Nc5 Bd4 50.b7 Bxc5 51.Rd8+ Kg7
52.b8=Q Rxb8 53.Bxb8 Bb6 54.Be5+ f6 55.Rd7+ Kg6 56.Bb2 Bc5 57.Kf1 Bf8 58.Ke2 e5
59.Rc7 Bg7 60.Rc6 Kg5 61.g3 Ne7 62.Rc7 Nf5 63.Kd3 Kg6 64.Rc6 Kf7 65.Rb6 Bf8
66.Ke4 Nd6+ 67.Kd5 Ne8 68.Rc6 Bg7 69.Ba3 Bh6 70.Rc8 Bg7 71.g4 Bh6 72.f3 Ng7
73.Bf8 Bg5 74.Bxg7 Kxg7 75.Ke6 Bh4 76.Kf5 Kh7 77.Rc7+ Kg8 78.Kg6 Kf8 79.Rf7+ Ke8
80.Rxf6 Ke7 81.Ra6 Kd7 82.Kf5 Be1 83.Kxe5 Ke7 84.Ra7+  1-0

[Event "8th ch-Euro"]
[Site "Dresden GER"]
[Date "2007.04.05"]
[Round "3"]
[White "Salewski,B"]
[Black "Azmaiparashvili,Z"]
[Result "0-1"]
[WhiteElo "2043"]
[BlackElo "2632"]

1.d4 d6 2.e4 g6 3.Nc3 Bg7 4.Bg5 c6 5.Nf3 Bg4 6.Qd2 Qa5 7.h4 b5 8.Be2 Nd7
9.O-O b4 10.Nd1 Ngf6 11.Qd3 d5 12.e5 Ne4 13.Ne3 Be6 14.Qa6 Qxa6 15.Bxa6 Rb8
16.Bd3 c5 17.Bxe4 dxe4 18.d5 Bf5 19.Nd2 Nxe5 20.Bf4 O-O 21.g4 Bd7 22.Nxe4 Rbc8
23.Bxe5 Bxe5 24.Nc4 Bf4 25.d6 exd6 26.Nf6+ Kg7 27.Nxd7 Rfd8 28.Ndb6 axb6
29.Nxb6 Rb8 30.Nd5 Be5 31.Rfb1 Rb7 32.Kf1 Rdb8 33.Ke2 c4 34.Ne3 Rc8 35.Kf3 Rc5
36.Ke4 Re7 37.Kf3 d5 38.a4 d4 39.Nd1 d3 40.c3 bxc3 41.bxc3 Bc7 42.Rb7 Re1
43.Rab1 Ba5 44.R7b5 Rxb5 45.axb5 Bb6 46.Kg2 Kf6 47.Kf3 Ke5 48.Ra1 d2  0-1

[Event "18th Pobeskydi Radegast"]
[Site "Frydek Mistek CZE"]
[Date "2007.04.05"]
[Round "2"]
[White "Motuz,K"]
[Black "Petran,Pe"]
[Result "0-1"]
[WhiteElo "2311"]
[BlackElo "2322"]

1.d4 g6 2.e4 Bg7 3.Nc3 d6 4.Be3 c6 5.h3 b5 6.f4 Nd7 7.Qf3 Rb8 8.Bd3 Nb6 9.Nge2 Nc4
10.Bxc4 bxc4 11.Rb1 Qa5 12.O-O Nf6 13.e5 Nd5 14.Nxd5 cxd5 15.Nc3 Bf5 16.Rfc1 dxe5
17.dxe5 Be6 18.Bd4 O-O 19.Re1 Rfe8 20.Qf2 a6 21.g4 f5 22.g5 Red8 23.Red1 Bc8
24.Bc5 e6 25.Qd4 Bf8 26.Bxf8 Kxf8 27.Kf2 Bd7 28.a3 Rb7 29.Rh1 Rdb8 30.Nd1 Ba4
31.Rc1 Be8 32.Ke3 Rc8 33.Nc3 Rxb2 34.Kd2 Rcb8 35.Ra1 Kg8 36.Kc1 Ba4 37.Rh2 Be8
38.h4 Qc7 39.Kd2 Qb7 40.Ke3 Qe7 41.Kd2 R8b3 42.Kc1 Qb7 43.Re2 Rb6 44.Rd2 h6
45.gxh6 Qh7 46.h5 Qxh6 47.hxg6 Qxg6 48.Re2 Kf7 49.Kd2 Ke7 50.Rg1 Qh6 51.Reg2 Kd8
52.Rg8 Rb7 53.Ne2 Qh2 54.R1g2 Qh1 55.Qc5 Rxc2+ 56.Kxc2 Qb1+ 57.Kd2 Rb2+ 58.Ke3 Qe4+
59.Kf2 Qxe2+ 60.Kg1 Qe1+  0-1

[Event "30th Open"]
[Site "San Sebastian ESP"]
[Date "2007.04.05"]
[Round "5"]
[White "Zulaika Centeno,A"]
[Black "Voet,D"]
[Result "1-0"]
[WhiteElo "2056"]
[BlackElo "1880"]

1.e4 g6 2.d4 Bg7 3.Nc3 d6 4.f4 a6 5.Nf3 b5 6.Bd3 Nd7 7.O-O Bb7 8.Qe1 c5 9.dxc5 Nxc5
10.Be3 Nf6 11.Bd4 Ne6 12.Be3 O-O 13.f5 Nc5 14.Qh4 b4 15.Nd5 Bxd5 16.exd5 Nxd3
17.cxd3 Nxd5 18.Bh6 e6 19.Ng5 Bf6 20.fxe6 fxe6 21.Qe4 Re8 22.Nxe6 Qe7 23.Rae1 Be5
24.Qxd5 Qxe6 25.Rf8+  1-0

[Event "30th Open"]
[Site "San Sebastian ESP"]
[Date "2007.04.05"]
[Round "5"]
[White "Oliver,S"]
[Black "Wannebroucq,S"]
[Result "1/2-1/2"]
[WhiteElo "1925"]
[BlackElo "2146"]

1.e4 g6 2.d4 Bg7 3.Nc3 d6 4.Bc4 Nf6 5.Be3 a6 6.f3 b5 7.Bb3 Nbd7 8.Nge2 Bb7
9.Qd2 c6 10.Bh6 Bxh6 11.Qxh6 e6 12.O-O-O Qe7 13.Rhe1 O-O-O 14.Qe3 Kb8 15.e5 dxe5
16.dxe5 Nd5 17.Nxd5 cxd5 18.c3 b4 19.Kb1 bxc3 20.bxc3 Qa3 21.Nd4  1/2-1/2

[Event "30th Open"]
[Site "San Sebastian ESP"]
[Date "2007.04.05"]
[Round "6"]
[White "Neira Garcia,M"]
[Black "Voet,D"]
[Result "1-0"]
[WhiteElo "2024"]
[BlackElo "1880"]

1.e4 g6 2.d4 Bg7 3.Nc3 d6 4.f4 a6 5.Nf3 b5 6.Bd3 Bb7 7.O-O Nd7 8.e5 e6 9.Qe1 Ne7
10.Be4 d5 11.Bd3 c5 12.dxc5 Nxc5 13.Be3 Qc7 14.Bxb5+ axb5 15.Nxb5 Qc6 16.Nd6+ Kf8
17.Qb4 Na4 18.Qxb7 Qxb7 19.Nxb7 Nf5 20.Bc5+ Kg8 21.Ba3 f6 22.Nc5 Kf7 23.exf6 Bxf6
24.Ng5+ Bxg5 25.fxg5 Nxc5 26.Bxc5 Ke8 27.g4 Rc8 28.b4 Ne7 29.Rae1 Rc6 30.Rf6 Kd7
31.Rf7 Re8 32.Rxh7 Ra6 33.Ra1  1-0

[Event "30th Open"]
[Site "San Sebastian ESP"]
[Date "2007.04.05"]
[Round "6"]
[White "Kuende Gorostidi,J"]
[Black "Wannebroucq,S"]
[Result "0-1"]
[WhiteElo "1891"]
[BlackElo "2146"]

1.e4 g6 2.d4 Bg7 3.Nc3 d6 4.Be3 a6 5.f3 b5 6.h4 h5 7.Qd2 Nd7 8.Nh3 Bb7 9.Be2 Rc8
10.g4 hxg4 11.fxg4 Rxh4 12.O-O-O c5 13.Ng5 Rxh1 14.Rxh1 cxd4 15.Bxd4 Bxd4
16.Qxd4 Ne5 17.Rh8 Kd7 18.Nd5 Bxd5 19.exd5 Qc7 20.c3 Nf6 21.Rxc8 Kxc8 22.a4 Qb7
23.axb5 axb5 24.Ne4 Nxd5 25.g5 Kc7 26.Nc5 Qc6 27.Nb3 Nb6 28.Na5 Qh1+ 29.Kc2 Qa8
30.Qb4 Nc6 31.Nxc6 Qxc6 32.Bxb5 Qg2+ 33.Kb3 Qxg5 34.Qa5 Qd5+ 35.Kc2 g5 36.c4 Qe4+
37.Kb3 g4 38.Qc3 Qf3 39.Qxf3 gxf3 40.Kb4 Nd7  0-1

[Event "ch-Catalonia"]
[Site "Barcelona ESP"]
[Date "2007.04.06"]
[Round "6"]
[White "Basas Gamazo,J"]
[Black "Perez Calahorra,R"]
[Result "1/2-1/2"]
[WhiteElo "2087"]
[BlackElo "2136"]

1.e4 g6 2.d4 Bg7 3.Nc3 d6 4.Bg5 c5 5.dxc5 Qa5 6.Qd2 Qxc5 7.Nd5 Be6 8.c4 Bxd5
9.cxd5 Qd4 10.Bb5+ Nd7 11.Qxd4 Bxd4 12.Ne2 Bc5 13.O-O h6 14.Bd2 Nf6 15.Nc3 Kf8
16.Rac1 Ne5 17.Rfe1 a6 18.Bf1 b5 19.Nd1 Kg7 20.b4 Bb6 21.Be3 Bxe3 22.Rxe3 Rhc8
23.Rxc8 Rxc8 24.Rc3 Rxc3 25.Nxc3 Ned7 26.f3 Nb6 27.Kf2 Nfd7 28.f4 Kf6 29.Ke3 Kg7
30.g3 Kf6 31.Kd4 Kg7 32.Bh3 Nf6 33.e5 Ne8 34.Bf1 Nc7 35.Be2 Kf8 36.Bd1 Kg7
37.Bb3 Kf8 38.Ne4 Ne8 39.h4 Kg7 40.g4 Kf8 41.Nc3 Nc7 42.Ke4 Kg7 43.Ne2 Kf8
44.Kd4 Kg7 45.Ng3 Ne8 46.Ne4 Kf8 47.Nc3 Nc7 48.Bc2 Kg7 49.Bb3 Kf8 50.Ne4 Ne8
51.Ng3 Kg7 52.Bc2 Nc7 53.Bb3  1/2-1/2

[Event "18th Pobeskydi Radegast"]
[Site "Frydek Mistek CZE"]
[Date "2007.04.06"]
[Round "4"]
[White "Krzyzanowski,M"]
[Black "Petran,Pe"]
[Result "1/2-1/2"]
[WhiteElo "2229"]
[BlackElo "2322"]

1.e4 g6 2.d4 Bg7 3.Nc3 d6 4.f4 a6 5.Nf3 b5 6.Bd3 Nd7 7.e5 Bb7 8.O-O e6 9.a4 b4
10.Na2 a5 11.c3 bxc3 12.Nxc3 Ne7 13.Nb5 Nb6 14.Qc2 Ned5 15.Bd2 O-O 16.Rac1 Ba6
17.b3 Qe7 18.Rfe1 Rfc8 19.Bf1 Nb4 20.Qb1 N6d5 21.Bxb4 axb4 22.Rxc7 Nxc7 23.exd6 Qd8
24.Nxc7 Bxf1 25.Nxa8 Bxg2 26.Kxg2 Rxa8 27.Qe4 Rc8 28.d5 Qxd6 29.dxe6 fxe6
30.Qxe6+ Qxe6 31.Rxe6 Rc2+ 32.Kf1 Rb2 33.Re8+ Kf7 34.Rb8 Bc3 35.Ng5+ Ke7
36.Ne4 Rxh2 37.a5 Ra2 38.Rb5 h5 39.f5 gxf5 40.Rxf5 h4 41.Rh5 Ra3 42.Nxc3 bxc3
43.Ke2 Rxb3 44.Rxh4 Ra3 45.Kd3  1/2-1/2

[Event "30th Open"]
[Site "San Sebastian ESP"]
[Date "2007.04.06"]
[Round "7"]
[White "Vera Gonzalez Quevedo,R"]
[Black "Aabling Thomsen,J"]
[Result "1-0"]
[WhiteElo "2481"]
[BlackElo "2267"]

1.d4 g6 2.e4 Bg7 3.Nc3 d6 4.f4 a6 5.Nf3 b5 6.Bd3 Nd7 7.e5 c5 8.Be3 Bb7 9.Be4 Qc8
10.dxc5 dxe5 11.fxe5 Nxe5 12.Nd5 Nd7 13.O-O Ngf6 14.Nxe7 Kxe7 15.Qd6+ Kd8
16.Ng5 Qc7 17.Nxf7+ Kc8 18.Qxc7+ Kxc7 19.Bf4+ Kc8 20.Nd6+ Kd8 21.Bxb7 Ra7
22.Bc6 Nxc5 23.Be3  1-0

[Event "ch-Catalonia"]
[Site "Barcelona ESP"]
[Date "2007.04.07"]
[Round "7"]
[White "Esquivel,L"]
[Black "Moskalenko,V"]
[Result "0-1"]
[WhiteElo "2167"]
[BlackElo "2539"]

1.e4 g6 2.d4 Bg7 3.Nc3 d6 4.f4 c6 5.Nf3 Bg4 6.Be3 d5 7.h3 Bxf3 8.Qxf3 dxe4
9.Nxe4 Nd7 10.Bc4 Ngf6 11.O-O-O Nxe4 12.Qxe4 Nf6 13.Qf3 Nd5 14.Bxd5 Qxd5
15.Qxd5 cxd5 16.h4 h5 17.Rhf1 e6 18.Rd3 Kd7 19.Bd2 Rhc8 20.b3 Rc6 21.Kb2 Rac8
22.c3 b5 23.b4 a5 24.a3 Ra8 25.Bc1 axb4 26.axb4 Rca6 27.Kc2 Ra1 28.Rdf3 R8a2+
29.Bb2 Rxf1 30.Rxf1 Ke7 31.Re1 Kf6 32.Kb1 Ra8 33.Re3 Kf5 34.Bc1 Bf6 35.g3 Kg4
36.Bd2 Kh3 37.Kb2 Kg2 38.Kb1 Kf2 39.Kb2 Ra4 40.Bc1 Ra8 41.Rd3 Be7 42.Re3 Bd6
43.Rd3 Rc8 44.Kb3 Kg2 45.Bd2 Kh3 46.Be1 Kg4 47.Bd2 Ra8 48.Kb2 Bc7 49.Bc1 f6
50.Bd2 Rd8 51.Re3 Re8 52.Kc2 g5 53.hxg5 fxg5 54.fxg5 Bxg3 55.Be1 h4 56.g6 Bf4
57.Re2 h3 58.g7 Rg8 59.Bd2 h2 60.Re1 Bxd2 61.Kxd2 Rxg7  0-1

[Event "45th Doeberl Cup"]
[Site "Canberra AUS"]
[Date "2007.04.07"]
[Round "4"]
[White "Stojic,D"]
[Black "Hacche,D"]
[Result "1-0"]
[WhiteElo "2271"]
[BlackElo "2112"]

1.e4 g6 2.d4 Bg7 3.Nc3 d6 4.Bc4 c6 5.Nf3 Nf6 6.Qe2 O-O 7.e5 Nd5 8.Bd2 Bg4
9.Nxd5 cxd5 10.Bxd5 Nc6 11.Bxc6 bxc6 12.Bc3 Qc7 13.exd6 exd6 14.O-O-O Rfe8
15.Qd3 a5 16.d5 Bf5 17.Qd2 cxd5 18.Bxg7 Kxg7 19.Nd4 Bd7 20.h4 h5 21.f3 Re5
22.g4 Rae8 23.f4 Re4 24.gxh5 Bg4 25.Rdg1 Bxh5 26.Nf5+ Kh7 27.Ng3 Bf3 28.Rh2 Qc4
29.h5 g5 30.Nxe4 dxe4 31.fxg5 Qxa2 32.g6+ fxg6 33.hxg6+ Kg8 34.Rh8+ Kxh8
35.Qh6+  1-0

[Event "8th ch-Euro"]
[Site "Dresden GER"]
[Date "2007.04.07"]
[Round "5"]
[White "Areshchenko,A"]
[Black "Nevednichy,V"]
[Result "0-1"]
[WhiteElo "2644"]
[BlackElo "2567"]

1.e4 g6 2.d4 Bg7 3.Nc3 d6 4.Be3 a6 5.f4 b5 6.Bd3 Bb7 7.Nf3 b4 8.Ne2 Nf6 9.Ng3 e6
10.Qd2 Ng4 11.Bg1 a5 12.a3 Nd7 13.h3 Ngf6 14.Bf2 O-O 15.O-O c5 16.axb4 axb4
17.Rae1 Qc7 18.b3 Bh6 19.Ng5 Ba6 20.Qe2 Bxd3 21.cxd3 Ra3 22.Rb1 Qa5 23.h4 Ra2
24.Qf3 cxd4 25.Bxd4 Bg7 26.Kh1 Qa8 27.Bg1 Rc8 28.h5 Rcc2 29.hxg6 hxg6 30.Rfc1 Rxg2
31.Qxg2 Rxg2 32.Kxg2 Qa6 33.d4 Bh6 34.Rd1 e5 35.fxe5 Bxg5 36.exf6 Nxf6 37.d5 Qc8
38.Bd4 Bh4 39.Bxf6 Bxf6 40.Rbc1 Qg4 41.Rd3 Bc3 42.Rf3 Qg5 43.Rc2 Qg4 44.Ra2 f6
45.Ra7 Be5 46.Re7 Qh4 47.Rc7 Kf8 48.Rc4 Qg5 49.Kf2 Bxg3+ 50.Rxg3 Qd2+ 51.Kg1 g5
52.Rg2 Qe1+ 53.Kh2 Qh4+ 54.Kg1 Kg7 55.Kf1 Qh1+ 56.Kf2 Qd1 57.Rh2 Kg6 58.Rh8 Qd2+
59.Kg3 Qd3+ 60.Kf2 g4 61.Rg8+ Kh5 62.Rc7 Qf3+ 63.Kg1 Qe3+ 64.Kh1 Qxe4+ 65.Kh2 Qe5+
66.Kg1 Kh4  0-1

[Event "8th ch-Euro"]
[Site "Dresden GER"]
[Date "2007.04.07"]
[Round "5"]
[White "Lobzhanidze,D"]
[Black "Azmaiparashvili,Z"]
[Result "1/2-1/2"]
[WhiteElo "2446"]
[BlackElo "2632"]

1.e4 d6 2.d4 g6 3.Nc3 Bg7 4.Be3 a6 5.Qd2 b5 6.Bd3 Nd7 7.a4 b4 8.Nce2 Rb8
9.Nf3 c5 10.h3 Qc7 11.Ng3 cxd4 12.Nxd4 Ngf6 13.Bh6 Bxh6 14.Qxh6 Nc5 15.O-O b3
16.Rac1 Rb4 17.Nxb3 Nxa4 18.Rb1 Be6 19.Bxa6 Qxc2 20.Nd2 Qc6 21.b3 Qxa6 22.bxa4 Qxa4
23.Rxb4 Qxb4 24.Rb1 Qc5 25.e5 Nd7 26.exd6 exd6 27.Nf3 Ke7 28.Qg7 Rb8 29.Rxb8 Nxb8
30.Qxh7 Qc1+ 31.Kh2 Qf4 32.Qh8 Nc6 33.Qc3 Nb4 34.Qe3 Nd5 35.Qa7+ Kf8 36.Qa8+ Kg7
37.Qa1+ f6 38.Qa7+ Bf7 39.Qd4 Kf8 40.Kg1 Qc1+ 41.Kh2 Qf4 42.Kg1 Qxd4 43.Nxd4 Ke7
44.Nge2 Nb4 45.Nc1 d5 46.f4 Kd6 47.Kf2 Kc5 48.Ke3 Kc4 49.h4 f5 50.g3 Be8
51.h5 gxh5 52.Nxf5 Bg6 53.Nd4 Be4 54.f5 Kc5 55.Nce2 Kd6 56.Kf4 Nd3+ 57.Kg5 Nf2
58.Nf4 Bxf5 59.Kxf5 Ne4 60.Nxh5 Nxg3+ 61.Nxg3 Kc5 62.Ke5 Kc4 63.Ngf5 Kd3
64.Kf4 Kd2 65.Ng7 Kd3 66.Nge6 Kc3 67.Ke3 Kc4 68.Kd2 Kb4 69.Kd3 Ka5 70.Kc3 Ka4
71.Nc5+ Ka5 72.Kb3 Kb6 73.Nce6 Kb7 74.Kb4 Kc8 75.Kb5 Kd7 76.Kc5 Ke7 77.Kc6 Kf6
78.Kd7 Kg6 79.Kd6 Kf6 80.Nf4 Kg5 81.Ke5 Kg4 82.Nd3 Kg5 83.Ke6 Kg6 84.Ke7 Kg5
85.Kf7 Kh6 86.Kf6 Kh5 87.Kf5 Kh4 88.Kf4 Kh5 89.Ne5 Kh4 90.Ng6+ Kh5 91.Kf5 Kh6
92.Nf4 Kg7 93.Ke6 Kf8 94.Nd3 Kg7 95.Nf4 Kf8 96.Nh5 Ke8 97.Ng7+ Kd8 98.Kd6 Kc8
99.Nge6 Kb7 100.Ke5 Ka6 101.Nf4 Kb7 102.Kd6 Kc8 103.Nd3 Kd8 104.Nc6+ Ke8
105.Ke6 Kf8 106.Kf6 Ke8 107.Nde5 Kf8 108.Nd7+ Ke8 109.Ke6 d4 110.Nf6+ Kf8
111.Ne4 d3 112.Nd2 Ke8 113.Kd6 Kf7 114.Ke5 Kg6 115.Ke6 Kg5 116.Ne5 Kf4 117.Nec4 Kg5
118.Ne3 Kf4 119.Nd5+ Kg5 120.Ne3 Kf4 121.Nd1 Kg5 122.Ke5 Kg6 123.Nf2 Kf7
124.Nfe4 Ke7 125.Nc5 Kf7 126.Nce4 Kg7 127.Nf6 Kf7 128.Nd5 Kg6 129.Kf4 Kg7
130.Kg5 Kf7 131.Kf5 Kg7 132.Ke6 Kg6 133.Nc7 Kg5 134.Kf7 Kf4 135.Nd5+ Ke5
136.Nf6 Kf5 137.Kg7 Kg5  1/2-1/2